| 000 | 00940nam0a22002891 4500 | ||
|---|---|---|---|
| 001 | v19\rc\1945948 | ||
| 005 | 20251118180857.5 | ||
| 035 | _a(NLR Aleph) 005031553 | ||
| 090 |
_a6696616 _c6696616 |
||
| 100 | _a20080428d1913 |||y0rusy50 ca | ||
| 101 | 0 | _arus | |
| 102 | _aRU | ||
| 105 | _aac z |||c| | ||
| 200 | 1 |
_aВладимир Андреевич Грингмут _eОчерк его жизни и деятельности |
|
| 210 |
_aМосква _cт-во скоропеч. А.А. Левенсон _d1913 |
||
| 215 |
_a124 с., 2 л. портр., ил. _cил. _d26 |
||
| 702 | 1 |
_aГрингмут _bВ. А. _f1851-1907 _gВладимир Андреевич _4570 |
|
| 801 | 0 |
_aRU _bNLR _gpsbo |
|
| 801 | 0 |
_aRU _bRuMoRGB _2psbo |
|
| 801 | 1 |
_aRU _bProSoft-M _2rusmarc |
|
| 852 |
_aNLR _j37.30.2.64 |
||
| 899 | _aБАН | ||
| 899 | _aГПИБ | ||
| 899 |
_aRuMoRGB _jE 78а/31 |
||
| 899 |
_aRuMoRGB _jU 308/243 |
||
| 942 | _cBOOK | ||
| 980 | _aNB | ||